Linear system theory and design (Record no. 566568)

000 -LEADER
fixed length control field 01130cam a2200313 a 4500
001 - CONTROL NUMBER
control field 2350483
003 - CONTROL NUMBER IDENTIFIER
control field CEME
005 - DATE AND TIME OF LATEST TRANSACTION
control field 20210628201616.0
008 - FIXED-LENGTH DATA ELEMENTS--GENERAL INFORMATION
fixed length control field 830726s1984 nyua b 001 0 eng
010 ## - LIBRARY OF CONGRESS CONTROL NUMBER
LC control number 83012891
020 ## - INTERNATIONAL STANDARD BOOK NUMBER
International Standard Book Number 0030602890
040 ## - CATALOGING SOURCE
Original cataloging agency DLC
Transcribing agency DLC
Modifying agency DLC
050 00 - LIBRARY OF CONGRESS CALL NUMBER
Classification number QA402
Item number .C44 1984
082 00 - DEWEY DECIMAL CLASSIFICATION NUMBER
Classification number 003
Edition number 19
100 1# - MAIN ENTRY--PERSONAL NAME
Personal name Chen, Chi-Tsong.
9 (RLIN) 774
245 10 - TITLE STATEMENT
Title Linear system theory and design
Statement of responsibility, etc. Chi-Tsong Chen.
260 ## - PUBLICATION, DISTRIBUTION, ETC.
Place of publication, distribution, etc. New York :
Name of publisher, distributor, etc. Holt, Rinehart, and Winston,
Date of publication, distribution, etc. c1984.
300 ## - PHYSICAL DESCRIPTION
Extent xxii, 662 p. :
Other physical details ill. ;
Dimensions 24 cm.
490 0# - SERIES STATEMENT
Series statement HRW series in electrical and computer engineering
500 ## - GENERAL NOTE
General note Rev. ed. of: Introduction to linear system theory. 1970.
500 ## - GENERAL NOTE
General note Includes index.
504 ## - BIBLIOGRAPHY, ETC. NOTE
Bibliography, etc. note Bibliography: p. 636-656.
650 #0 - SUBJECT ADDED ENTRY--TOPICAL TERM
Topical term or geographic name entry element Linear systems.
9 (RLIN) 55997
650 #0 - SUBJECT ADDED ENTRY--TOPICAL TERM
Topical term or geographic name entry element System design.
9 (RLIN) 2255
700 1# - ADDED ENTRY--PERSONAL NAME
Personal name Chen, Chi-Tsong.
Title of a work Introduction to linear system theory.
9 (RLIN) 55998
856 42 - ELECTRONIC LOCATION AND ACCESS
Materials specified Publisher description
Uniform Resource Identifier <a href="http://www.loc.gov/catdir/enhancements/fy0636/83012891-d.html">http://www.loc.gov/catdir/enhancements/fy0636/83012891-d.html</a>
856 41 - ELECTRONIC LOCATION AND ACCESS
Materials specified Table of contents only
Uniform Resource Identifier <a href="http://www.loc.gov/catdir/enhancements/fy0636/83012891-t.html">http://www.loc.gov/catdir/enhancements/fy0636/83012891-t.html</a>
942 ## - ADDED ENTRY ELEMENTS (KOHA)
Source of classification or shelving scheme
Koha item type Book
Holdings
Withdrawn status Lost status Source of classification or shelving scheme Damaged status Not for loan Permanent Location Current Location Shelving location Date acquired Total Checkouts Full call number Barcode Date last seen Price effective from Koha item type
          College of Electrical & Mechanical Engineering (CEME) College of Electrical & Mechanical Engineering (CEME) General Stacks 03/22/2017   629.832 CHE CEME-42081 06/28/2021 06/28/2021 Book
          College of Electrical & Mechanical Engineering (CEME) College of Electrical & Mechanical Engineering (CEME) General Stacks 03/22/2017   629.832 CHE CEME-42082 06/28/2021 06/28/2021 Book
          College of Electrical & Mechanical Engineering (CEME) College of Electrical & Mechanical Engineering (CEME) General Stacks 03/22/2017 1 629.832 CHE CEME-42083 06/28/2021 06/28/2021 Book
© 2023 Central Library, National University of Sciences and Technology. All Rights Reserved.